000 02494nam a22002417a 4500
005 20241028115857.0
007 cr |||aaa|||||
008 241028s2024 mx| |||fo|||| 000 0 spa d
020 _a9789503423813
040 _aMX-MxUPN
_bspa
_eaacr2
041 0 _aspa
050 4 _aPE1068 A44
245 0 0 _aInvestigaciones y debates actuales sobre la enseñanza de inglés en contextos educativos latinoamericanos
_h[recurso electrónico en línea]
260 _aLa Plata :
_bUniversidad Nacional de La Plata, Facultad de Humanidades y Ciencias de la Educación ,
_c2024
300 _a1 recurso en línea (207 páginas) :
_bPDF
490 0 _aColección Ágora ;
_v4
505 0 0 _tLa interculturalidad en contextos áulicos formoseños : una perspectiva desde la cognición del docente para la enseñanza de inglés /
_rNeri David Nuñez Acuña. --
_tLas creencias de los profesores de lengua extranjera con respecto al inglés como lengua internacional hegemónica : el caso de Ecuador /
_rAna María Calle Calle. --
_t La construcción del discurso pedagógico en la clase de Inglés de la Escuela Secundaria de Jóvenes y Adultos: prácticas y estrategias de negociación, desde la reproducción hacia la transformación /
_rAdriana Helver. --
_tExperiencias y desafíos en la enseñanza del inglés como lengua extranjera: un estudio cualitativo a docentes y estudiantes que buscan el nivel B2 en una universidad pública del Ecuador /
_rMaría Isabel Espinoza Hidrobo. --
_tAprendizaje invertido: percepciones respecto de su implementación en la adquisición del inglés como lengua extranjera /
_rVicente Guillermo Pacheco Salazar. --
_tEl desarrollo de habilidades en la competencia oral en la enseñanza del inglés como lengua extranjera a través de la implementación de herramientas web en colegios secundarios públicos de Colombia /
_rGenny Gómez Bustamante. --
_tDificultades al escuchar en inglés y efectos de la descodificación en el desarrollo de la destreza auditiva /
_rMónica Abad Célleri. --
_tEscritura expresiva y estrés: el caso de docentes de inglés en formación /
_rJuanita Catalina Argudo Serrano. --
_tActividades extracurriculares en inglés: percepciones de su impacto en la motivación de estudiantes universitarios /
_rSandra Mercedes Cabrera Arias.
506 0 _aAcceso abierto.
650 4 _aInglés
_xEstudio y enseñanza
_zAmérica Latina
_954335
700 1 _aBarboni, Silvana
_954337
902 _aVíctorGodínez/281024
942 _2lcc
_cLIBRO
999 _c211928
_d211928